000
00339nam a2200145Ia 4500
008
230718s9999 xx 000 0 und d
041
_a
Eng.
082
_a
340
_b
PUN-P
100
_a
Punjab Bar Canal
245
0
_a
Pakitan law journal (2012)
260
_a
Pakistan
_b
Punjab Law Book
_c
2012
300
_a
418
650
_a
Law
999
_c
27529
_d
27529